TONSILLITIS CURED BY HOMEOPATHY (Record no. 20451)

MARC details
000 -LEADER
fixed length control field 00288nam a22001337a 4500
003 - CONTROL NUMBER IDENTIFIER
control field SGT
082 ## - DEWEY DECIMAL CLASSIFICATION NUMBER
Classification number 616.024
Item number TO7W
100 ## - MAIN ENTRY--PERSONAL NAME
Personal name WADIA,S.R.
245 ## - TITLE STATEMENT
Title TONSILLITIS CURED BY HOMEOPATHY
260 ## - PUBLICATION, DISTRIBUTION, ETC. (IMPRINT)
Place of publication, distribution, etc INDIA
Name of publisher, distributor, etc B.JAIN PUB
Year of Publication 2007
300 ## - PAGE DESCRIPTION
No. of Pages 24
650 ## - SUBJECT ADDED ENTRY--TOPICAL TERM
Topical term or geographic name as entry element HOMOEOPATHIC
942 ## - ADDED ENTRY ELEMENTS (KOHA)
Source of classification or shelving scheme Dewey Decimal Classification
Koha item type Books
Holdings
Withdrawn status Lost status Source of classification or shelving scheme Damaged status Not for loan Home library Current library Shelving location Date acquired Vendor Name Cost, normal purchase price SGTU Bill Number Total Checkouts Full call number Accession No. (Barcode) Date last seen Bill Date Koha item type
    Dewey Decimal Classification     Homeopathy Library Homeopathy Library Text Book 08/08/2020 AHUJA PUB 15.00 SGTU 147010   616.024 TO7W FH1876 08/08/2020 02/09/2016 Books
    Dewey Decimal Classification     Homeopathy Library Homeopathy Library Text Book 08/08/2020 AHUJA PUB 15.00 SGTU 147010   616.024 TO7W FH1877 08/08/2020 02/09/2016 Books
    Dewey Decimal Classification     Homeopathy Library Homeopathy Library Text Book 08/08/2020 AHUJA PUB 15.00 SGTU 147010   616.024 TO7W FH1878 08/08/2020 02/09/2016 Books
    Dewey Decimal Classification     Homeopathy Library Homeopathy Library Text Book 08/08/2020 AHUJA PUB 15.00 SGTU 147010   616.024 TO7W FH1879 08/08/2020 02/09/2016 Books
    Dewey Decimal Classification     Homeopathy Library Homeopathy Library Text Book 08/08/2020 AHUJA PUB 15.00 SGTU 147010   616.024 TO7W FH1880 08/08/2020 02/09/2016 Books
    Dewey Decimal Classification     Homeopathy Library Homeopathy Library Text Book 08/08/2020 AHUJA PUB 15.00 SGTU 147010   616.024 TO7W FH1881 08/08/2020 02/09/2016 Books
    Dewey Decimal Classification     Homeopathy Library Homeopathy Library Text Book 08/08/2020 AHUJA PUB 15.00 SGTU 147010   616.024 TO7W FH1882 08/08/2020 02/09/2016 Books
    Dewey Decimal Classification     Homeopathy Library Homeopathy Library Text Book 08/08/2020 AHUJA PUB 15.00 SGTU 147010   616.024 TO7W FH1883 08/08/2020 02/09/2016 Books